|
|
|
|
| LEADER |
00000nab a2200000ua 4500 |
| 001 |
vtls010759912 |
| 003 |
SK-MaSNL |
| 005 |
20260304203756.0 |
| 008 |
250718s1975 xo |||||||||||||||||slo| |
| 035 |
|
|
|a (urnnbn)urn:nbn:sk:snk:ar-a03a85
|
| 035 |
|
|
|a (uuid)055747b7-c9a8-46f6-bf4b-7b91aaa3f806
|
| 035 |
|
|
|a urn:nbn:sk:snk-ab562i
|
| 040 |
|
|
|a SNKBUCL
|b slo
|c SNKBUCL
|e AACR2
|
| 041 |
0 |
|
|a slo
|
| 044 |
|
|
|a xo
|c SK
|
| 100 |
1 |
|
|a Leščák, Milan,
|d 1940-2022
|4 aut
|9 104599
|
| 245 |
1 |
0 |
|a SLOVENSKÁ FOLKLORISTIKA V ROKOCH 1945-1975
|c Milan Leščák
|
| 773 |
0 |
|
|t Slovenský národopis : časopis Slovenskej akadémie vied
|g Roč. 23, č. 4 (1975), s. 515-[545]
|
| 850 |
|
|
|a Slovenská národná knižnica
|
| 852 |
|
|
|a Slovenská národná knižnica
|
| 954 |
|
|
|a odborná, vedecká literatúra pôvodná (slovenská)
|2 lita
|
| 958 |
|
|
|a article3
|
| 958 |
|
|
|a OND
|
| 958 |
|
|
|a EUIPO
|
| 999 |
|
|
|c 3111973
|d 3113903
|